000 00919nam a22002417a 4500
005 20161022151319.0
010 _aB-634830
020 _a9789339213053
_c715.00
020 _a933921305x
_c715.00
035 _aB-634830
037 _bDPL/RP/KK Publications
082 _a658.15
100 _aKhan,M.Y.
245 _aFinancial management :
_btext, problems and cases /
_cby M.Y. Khan [and] P.K.Jain
250 _a7th ed
260 _aNew Delhi
_bMcGraw Hill Education
_c2015(repr.)
270 _aP-24, Green Park Extension
_bNew Delhi
_e110016
300 _avarious pagings
_c25cm(pbk)
_e1CD-ROM
500 _aIncludes bibliographical references and index
700 _aJain,P.K.
942 _2ddc
_cEN
_h658.15
_mKHA
999 _c104159
_d104159